38. ročník šarišskej regionálnej výstavy v Prešove

Bibliographic Details
Format: Article
Language:Slovak
PhysicalDescription:Fotogr.
ISSN:1335-5740
Subjects:

MARC

LEADER 00000nab a2200000 ar4500
001 vtls009302951
003 SK-MaSNL
005 20260305041442.0
008 250507c2008 xo |||||||||||000 b|slo
015 |a SNBRB2008/06  |2 snkbucl 
035 |a (uuid)19878f5f-f793-4675-bb71-732a998185dc 
035 |a urn:nbn:sk:snk-ab1w3d 
035 |a (urnnbn)urn:nbn:sk:snk:ar-a013yk 
038 |a SNKBUCL 
040 |a SNKBUCL  |b slo  |c SNKBUCL  |e AACR2 
041 0 |a slo 
044 |a xo  |c SK 
080 |a 639.18:061.43  |2 2001 
245 0 0 |a 38. ročník šarišskej regionálnej výstavy v Prešove 
300 |b Fotogr. 
648 7 |a 2008  |2 snkbucl  |9 317238 
650 0 7 |a chovateľské prehliadky  |2 snkbucl  |9 1047179 
650 0 7 |a poľovnícke trofeje  |2 snkbucl  |9 29369 
651 7 |a Prešov (Slovensko : okres)  |2 snkbucl  |9 28797 
651 7 |a Sabinov (Slovensko : okres)  |2 snkbucl  |9 29014 
773 0 |t Zbrane, strelci a lovci  |g Roč. IX, č. 5 (2008), s. 55  |x 1335-5740 
850 |a Slovenská národná knižnica 
852 |a Slovenská národná knižnica 
954 |a odborná, vedecká literatúra pôvodná (slovenská)  |2 lita 
958 |a article27 
958 |a SK 
958 |a OND 
958 |a EUIPO 
999 |c 3343751  |d 3345681